000 00429nam a2200157Ia 4500
008 230711s9999||||xx |||||||||||||| ||und||
041 _aENG
082 _a624
_bBU-I
100 _aBureau of Indian Standard
245 0 _aIS : 653 1980
_bSpecification for paperlinoleum sheet and tiles
250 _a2nd
260 _c1981
_aNew Delhi
_bBureau of Indian Standard
300 _a12
650 _aElectrical Engineering
942 _cBK
999 _c1494
_d1494